[Event "Friends of Lumpy Bumpy Big Challenge no2"]
[Site "SchemingMind.com"]
[Date "2010.04.14"]
[Round "-"]
[White "XTC"]
[Black "Clive Everill"]
[Result "1-0"]
[WhiteCountry "COL"]
[BlackCountry "CZE"]
[WhiteElo "1896"]
[WhiteRD "58"]
[BlackElo "1664"]
[BlackRD "50"]
[GameID "245414"]

1. e4 e5 2. Nf3 Nc6 3. Bc4 Bc5 4. c3 Bb6 5. b4 d6 6. a4 a5 7. b5 Nce7 8. Qb3 f6 9. Bf7+ Kf8 10. d4 exd4
11. cxd4 c5 12. Be3 cxd4 13. Bxd4 Nh6 14. Bxb6 Qxb6 15. Bc4 Ng4 16. O-O h5 17. h3 Ne5 18. Nxe5 dxe5 19. Rd1 g5 20. Nc3 Kg7
21. Nd5 Nxd5 22. Bxd5 Bd7 23. Rac1 Rac8 24. Qa3 Rhe8 25. Bf7 Rxc1 26. Qxc1 Kxf7 27. Rxd7+ Re7 28. Qc4+ Ke8 29. Qc8+ Kf7 30. Rxe7+ Kxe7
31. g3 h4 32. gxh4 gxh4 33. Kg2 Kf7 34. Qd7+ Kg6 35. Qg4+ Kf7 36. Qxh4 Qd4 37. Qh7+ Ke6 38. Qxb7 Qxa4 39. Qd5+ Ke7 40. b6 Qb4
41. b7 a4 42. Qc6 a3 43. Qc7+ Ke6 44. b8=Q
1-0

[Event "Friends of Lumpy Bumpy Big Challenge no2"]
[Site "SchemingMind.com"]
[Date "2010.04.14"]
[Round "-"]
[White "Clive Everill"]
[Black "XTC"]
[Result "0-1"]
[WhiteCountry "CZE"]
[BlackCountry "COL"]
[WhiteElo "1664"]
[WhiteRD "50"]
[BlackElo "1896"]
[BlackRD "58"]
[GameID "245415"]

1. Nf3 c5 2. g3 Nc6 3. d4 cxd4 4. Nxd4 e5 5. Nb5 a6 6. N5c3 Nf6 7. Bg2 Bb4 8. O-O O-O 9. Bg5 Be7 10. Nd2 h6
11. Bxf6 Bxf6 12. Nde4 Be7 13. Nd5 f5 14. Nxe7+ Qxe7 15. Nd6 Rf6 16. Nxc8 Rxc8 17. Qd5+ Kh7 18. Rfd1 Rd8 19. Qb3 b5 20. Rd5 d6
21. Rd2 e4 22. e3 Na5 23. Qb4 Nc4 24. Rd4 Qf8 25. b3 Ne5 26. Qe1 d5 27. h3 Nc6 28. Rd2 Rfd6 29. Rad1 Qf6 30. f4 Qc3
31. a4 d4 32. exd4 Nxd4 33. Qf1 Nf3+ 34. Bxf3 Rxd2 35. Rxd2 Rxd2 36. Bd1 Qxg3+
0-1

[Event "Friends of Lumpy Bumpy Big Challenge no2"]
[Site "SchemingMind.com"]
[Date "2010.04.14"]
[Round "-"]
[White "echecs"]
[Black "XTC"]
[Result "0-1"]
[WhiteCountry "ENG"]
[BlackCountry "COL"]
[WhiteElo "1818"]
[WhiteRD "58"]
[BlackElo "1896"]
[BlackRD "58"]
[GameID "245416"]

1. e4 c5 2. c3 e6 3. d4 d5 4. exd5 exd5 5. Nf3 Bd6 6. dxc5 Qe7+ 7. Be2 Bxc5 8. Qxd5 Nf6 9. Qe5 Bxf2+ 10. Kf1 Qxe5
11. Nxe5 Bc5 12. Bg5 Ne4 13. Bh4 O-O 14. Nd3 Bd6 15. Bf3 f5 16. Ke2 Re8 17. Kd1 g5 18. Bh5 Rd8 19. Be1 Bxh2 20. Kc2 Bd6
21. Nd2 Nxd2 22. Bxd2 h6 23. Bf3 Bf8 24. c4 Nc6 25. Bc3 Be6 26. b3 f4 27. Nf2 Bf5+ 28. Kb2 Bg7 29. Bd5+ Kf8 30. Rae1 Re8
31. Rc1 Re2+ 32. Ka3 Rxf2 33. Bxg7+ Kxg7 34. Rce1 Kg6 35. b4 Rb8 36. b5 Nd4 37. Re7 Rd2 38. Rc7 Nxb5+ 39. cxb5 Rxd5 40. Kb4 a6
41. a4 Bd3 42. Rd1 axb5 43. axb5 Rxb5+ 44. Ka4 Ra8#
0-1

[Event "Friends of Lumpy Bumpy Big Challenge no2"]
[Site "SchemingMind.com"]
[Date "2010.04.15"]
[Round "-"]
[White "echecs"]
[Black "Clive Everill"]
[Result "1-0"]
[WhiteCountry "ENG"]
[BlackCountry "CZE"]
[WhiteElo "1818"]
[WhiteRD "58"]
[BlackElo "1664"]
[BlackRD "50"]
[GameID "245417"]

1. e4 Nc6 2. d4 e5 3. d5 Nce7 4. Nc3 Nf6 5. Nf3 Ng6 6. Bd3 Bc5 7. h3 d6 8. O-O Bd7 9. Nb5 a6 10. Nc3 b5
11. a3 O-O 12. Ne2 Ne8 13. Ng3 Ne7 14. c3 f5 15. exf5 Nxf5 16. Ne4 Ba7 17. Qc2 h6 18. b4 Nf6 19. Nxf6+ Qxf6 20. c4 Nd4
21. Nxd4 Bxd4 22. Ra2 bxc4 23. Bxc4 Bf5 24. Bd3 Bxd3 25. Qxd3 Rfc8 26. Kh1 c5 27. dxc6 Rxc6 28. Bb2 Bxb2 29. Qd5+ Kh7 30. Qxc6 Ra7
31. Rxb2 g5 32. Rd2 Re7 33. Rxd6
1-0

[Event "Friends of Lumpy Bumpy Big Challenge no2"]
[Site "SchemingMind.com"]
[Date "2010.04.14"]
[Round "-"]
[White "XTC"]
[Black "echecs"]
[Result "1-0"]
[WhiteCountry "COL"]
[BlackCountry "ENG"]
[WhiteElo "1896"]
[WhiteRD "58"]
[BlackElo "1818"]
[BlackRD "58"]
[GameID "245418"]

1. e4 e5 2. Nf3 Nc6 3. Bc4 Nf6 4. Nc3 Nxe4 5. Nxe4 d5 6. Bxd5 Qxd5 7. d3 Bg4 8. O-O Nd4 9. c4 Qc6 10. Nxe5 Bxd1
11. Nxc6 Nc2 12. Rxd1 bxc6 13. Rb1 Nd4 14. Be3 c5 15. b4 Rd8 16. Nxc5 Ne2+ 17. Kf1 Nc3 18. Re1 Nxb1 19. Bg5+ Be7 20. Bxe7 Rb8
21. Bg5+ Kf8 22. Nd7+ Kg8 23. Nxb8 h6 24. Re8+ Kh7 25. Rxh8+ Kxh8 26. Be3
1-0

[Event "Friends of Lumpy Bumpy Big Challenge no2"]
[Site "SchemingMind.com"]
[Date "2010.04.14"]
[Round "-"]
[White "Clive Everill"]
[Black "echecs"]
[Result "0-1"]
[WhiteCountry "CZE"]
[BlackCountry "ENG"]
[WhiteElo "1664"]
[WhiteRD "50"]
[BlackElo "1818"]
[BlackRD "58"]
[GameID "245419"]

1. Nf3 Nf6 2. g3 g6 3. Bg2 Bg7 4. d4 O-O 5. O-O d6 6. a4 a5 7. b3 Nbd7 8. Bb2 c6 9. Nbd2 Rb8 10. c4 d5
11. Re1 e6 12. e4 dxe4 13. Nxe4 Nxe4 14. Rxe4 b5 15. axb5 cxb5 16. Ba3 Re8 17. Rc1 Bb7 18. Re1 bxc4 19. bxc4 Nf6 20. Nh4 Nh5
21. d5 exd5 22. cxd5 Rxe1+ 23. Qxe1 Bf6 24. Qe4 Qd7 25. Rd1 Re8 26. Qc4 Rc8 27. Qa2 Qa4 28. Bf3 Rc3 29. Ra1 Rxf3 30. Nxf3 Bxa1
31. Qxa1 Bxd5 32. Ng5 Qg4 33. Qc1 f6 34. h3 Qd7 35. Qc5 Qd8 36. Nxh7 Kxh7 37. Qa7+ Ng7 38. Qd4 Qd7 39. Qh4+ Nh5 40. Qg4 Qb7
41. f4 Qb1+ 42. Kf2 Qa2+ 43. Ke1 Qb1+ 44. Kd2 Qa2+ 45. Ke1 Qb1+ 46. Kd2 f5 47. Qg5 Qa2+ 48. Ke1 Qxa3 49. g4 Qc3+ 50. Kf2 Qd2+
51. Kf1 Ng3+
0-1

[Event "Friends of Lumpy Bumpy Big Challenge no2"]
[Site "SchemingMind.com"]
[Date "2010.04.17"]
[Round "-"]
[White "capablanca"]
[Black "echecs"]
[Result "1-0"]
[WhiteCountry "GER"]
[BlackCountry "ENG"]
[WhiteElo "1662"]
[WhiteRD "56"]
[BlackElo "1818"]
[BlackRD "58"]
[GameID "245435"]

1. e4 e5 2. Nf3 Nf6 3. Nxe5 d6 4. Nf3 Nxe4 5. d4 Be7 6. Bd3 d5 7. Qe2 O-O 8. Bxe4 dxe4 9. Qxe4 Bb4+ 10. Kd1 Re8
11. Qh4 Be7 12. Qg3 Nc6 13. c3 g6 14. Be3 Bd6 15. Qh4 Qxh4 16. Nxh4 Bg4+ 17. Nf3 Na5 18. b3 b6 19. Nd2 Ba3 20. Kc2 Bd6
21. h3 Bf5+ 22. Kb2 Rac8 23. g4 Be6 24. Ne4 Be7 25. Nfd2 Bd5 26. Rhe1 Bh4 27. Bg5 Bxg5 28. Nxg5 h6 29. Nge4 Nb7 30. Nf6+ Kf8
31. Nxd5 c6 32. Nf6 Rxe1 33. Rxe1 Kg7 34. Nfe4 Re8 35. Nf3 a5 36. Kc2
1-0

[Event "Friends of Lumpy Bumpy Big Challenge no2"]
[Site "SchemingMind.com"]
[Date "2010.04.19"]
[Round "-"]
[White "capablanca"]
[Black "Clive Everill"]
[Result "1-0"]
[WhiteCountry "GER"]
[BlackCountry "CZE"]
[WhiteElo "1662"]
[WhiteRD "56"]
[BlackElo "1664"]
[BlackRD "50"]
[GameID "245436"]

1. d4 Nf6 2. c4 g6 3. Nc3 d5 4. Bg5 e6 5. e3 Bg7 6. cxd5 exd5 7. Bd3 O-O 8. Nf3 Bg4 9. h3 Be6 10. O-O Nbd7
11. b3 Qc8 12. Qd2 c5 13. dxc5 Nxc5 14. Rac1 Qe8 15. Bb5 Bd7 16. Bxf6 Bxf6 17. Qxd5 Bxb5 18. Nxb5 Qxb5 19. Rxc5 Qb6 20. Rb5 Qa6
21. a4 b6 22. Qc6 Bg7 23. Ng5 Rac8 24. Qe4 Rfe8 25. Qh4 h6 26. Ne4 g5 27. Qg4 Rc6 28. Rd1 Rf8 29. Nd6 Rc5 30. Rxc5 bxc5
31. Qc4 Qc6 32. Ne4 Rc8 33. Rd6 Qc7 34. Rd5 Bf8 35. Rf5 a5 36. Nf6+ Kg7 37. Qc3 Kg6 38. Nd5 Qd7 39. Rf6+ Kh7 40. Nb6 Qd1+
41. Kh2 Rc7 42. Nc4 Bg7 43. Qe5 Bxf6 44. Qxf6 Qxb3 45. Qf5+ Kg8 46. Nd6 Qxa4 47. Qe5 Qd7 48. Nf5 f6 49. Qxf6 Qc6 50. Ne7+
1-0

[Event "Friends of Lumpy Bumpy Big Challenge no2"]
[Site "SchemingMind.com"]
[Date "2010.04.16"]
[Round "-"]
[White "XTC"]
[Black "capablanca"]
[Result "1-0"]
[WhiteCountry "COL"]
[BlackCountry "GER"]
[WhiteElo "1842"]
[WhiteRD "61"]
[BlackElo "1611"]
[BlackRD "59"]
[GameID "245437"]

1. e4 d5 2. exd5 Qxd5 3. Nc3 Qa5 4. d4 Nf6 5. Nf3 Bg4 6. h3 Bh5 7. Be2 e6 8. O-O c6 9. Bd2 Qc7 10. Ne5 Bxe2
11. Qxe2 Nbd7 12. Bf4 Bd6 13. Rae1 Nd5 14. Nxd5 cxd5 15. Nxf7 O-O 16. Bxd6
1-0

[Event "Friends of Lumpy Bumpy Big Challenge no2"]
[Site "SchemingMind.com"]
[Date "2010.04.16"]
[Round "-"]
[White "echecs"]
[Black "capablanca"]
[Result "1-0"]
[WhiteCountry "ENG"]
[BlackCountry "GER"]
[WhiteElo "1818"]
[WhiteRD "58"]
[BlackElo "1662"]
[BlackRD "56"]
[GameID "245438"]

1. e4 d5 2. exd5 Qxd5 3. Nc3 Qa5 4. d4 Nf6 5. Bc4 c6 6. Nf3 Bg4 7. O-O e6 8. Be2 Bd6 9. Bd2 Qc7 10. g3 Nbd7
11. a3 O-O-O 12. b4 Nd5 13. Ne4 N7f6 14. Nxd6+ Qxd6 15. c3 Ne4 16. c4 Nxd2 17. Qxd2 Nf6 18. Rad1 h6 19. Rfe1 Ne4 20. Qe3 f5
21. d5 Kb8 22. c5 Qf8 23. dxc6 bxc6 24. Ba6 Qe7 25. Qf4+ Qc7 26. Rxd8+ Rxd8 27. Ne5 Ka8 28. f3 g5 29. Qe3 Qxe5 30. fxg4 Qb2
31. gxf5 Rd2 32. Qxe4
1-0

[Event "Friends of Lumpy Bumpy Big Challenge no2"]
[Site "SchemingMind.com"]
[Date "2010.04.16"]
[Round "-"]
[White "Clive Everill"]
[Black "capablanca"]
[Result "1-0"]
[WhiteCountry "CZE"]
[BlackCountry "GER"]
[WhiteElo "1684"]
[WhiteRD "50"]
[BlackElo "1611"]
[BlackRD "59"]
[GameID "245439"]

1. d4 d5 2. Bf4 Nf6 3. c4 dxc4 4. e3 g6 5. Bxc4 Bg7 6. Nf3 O-O 7. O-O b6 8. Nc3 Bb7 9. Ne5 Nh5 10. Bg3 Nxg3
11. fxg3 e6 12. Nxf7 Rxf7 13. Bxe6 Qe7 14. Qb3 Nd7 15. Rxf7
1-0

[Event "Friends of Lumpy Bumpy Big Challenge no2"]
[Site "SchemingMind.com"]
[Date "2010.04.18"]
[Round "-"]
[White "Kobiahshi"]
[Black "capablanca"]
[Result "0-1"]
[WhiteCountry "USA"]
[BlackCountry "GER"]
[WhiteElo "1636"]
[WhiteRD "68"]
[BlackElo "1712"]
[BlackRD "54"]
[GameID "245440"]

1. f4 d5 2. Nf3 f5 3. e3 e6 4. Bb5+ Bd7 5. Nc3 Nf6 6. d3 a6 7. Bxd7+ Nbxd7 8. Bd2 Bd6 9. Qe2 c6 10. O-O-O O-O
11. Kb1 b5 12. h3 a5 13. Nd4 Qc8 14. Nxe6 Re8 15. Ng5 Bxf4 16. Nf3 Nc5 17. Qf2 Bc7 18. e4 fxe4 19. dxe4 Nfxe4 20. Qh4 Bg3
21. Qh5 Nf2 22. Ng5 h6 23. Rhf1 hxg5 24. Qxg5 Nxd1 25. Nxd1 Ne4 26. Qe3 Nxd2+ 27. Qxd2 Qe6 28. Ka1 Qe2 29. Qxe2 Rxe2 30. Kb1 Rae8
0-1

[Event "Friends of Lumpy Bumpy Big Challenge no2"]
[Site "SchemingMind.com"]
[Date "2010.04.16"]
[Round "-"]
[White "Kobiahshi"]
[Black "XTC"]
[Result "0-1"]
[WhiteCountry "USA"]
[BlackCountry "COL"]
[WhiteElo "1604"]
[WhiteRD "64"]
[BlackElo "1863"]
[BlackRD "62"]
[GameID "245441"]

1. d4 Nf6 2. c4 e6 3. g3 d5 4. Bg2 dxc4 5. Nf3 Be7 6. O-O O-O 7. Qc2 a6 8. a4 Nc6 9. Qxc4 Qd5 10. Qd3 Nb4
11. Qd1 c5 12. Nc3 Qh5 13. e3 Rd8 14. b3 cxd4 15. exd4 Bd7 16. Bb2 Bc6 17. Ne2 Bxf3 18. Re1 Ng4 19. h3 Bxg2 20. Kxg2 Qd5+
21. Kg1 Nf6 22. Nf4 Qf5 23. Re5 Qc2 24. Qf1 Qxb2 25. Ne2 Qxb3 26. Nc1 Qb2 27. Ne2 Bd6 28. Rb1 Qc2 29. Re3 Qxa4 30. Nc3 Qc2
31. Rc1 Qg6 32. Qe2 Nh5 33. Ne4 Nf4 34. Qf3 Nxh3+ 35. Kg2 Ng5 36. Nxg5 Qxg5 37. Rb3 Qd5 38. Rcb1 Qxf3+ 39. Rxf3 a5 40. Rc3 Rdc8
41. Rf3 f5 42. Re3 Kf7
0-1

[Event "Friends of Lumpy Bumpy Big Challenge no2"]
[Site "SchemingMind.com"]
[Date "2010.04.17"]
[Round "-"]
[White "Kobiahshi"]
[Black "echecs"]
[Result "0-1"]
[WhiteCountry "USA"]
[BlackCountry "ENG"]
[WhiteElo "1604"]
[WhiteRD "64"]
[BlackElo "1847"]
[BlackRD "62"]
[GameID "245442"]

1. f4 e6 2. Nf3 d5 3. d4 c5 4. e3 Nc6 5. b3 cxd4 6. exd4 Nf6 7. Nc3 Bb4 8. Bd3 Bxc3+ 9. Bd2 Bxa1 10. Qxa1 O-O
11. O-O a6 12. c3 b5 13. Qe1 Nh5 14. Qb1 g6 15. Qe1 Re8 16. Qf2 f5 17. Kh1 Nf6 18. Bc2 a5 19. a3 Ba6 20. Re1 Qe7
21. Bc1 Rac8 22. h3 Nh5 23. Kh2 Qd6 24. g3 h6 25. b4 a4 26. Nh4 Kg7 27. Qf3 Nxd4 28. Qd3 Nxc2 29. Qxc2 d4 30. Rd1 Rxc3
31. Qf2 Nxg3 32. Nf3 Ne4 33. Qe2 Rec8 34. Nxd4 Qd5 35. Bd2 Rxa3 36. Be1 Rcc3 37. Nc2 Rxc2
0-1

[Event "Friends of Lumpy Bumpy Big Challenge no2"]
[Site "SchemingMind.com"]
[Date "2010.04.19"]
[Round "-"]
[White "Kobiahshi"]
[Black "Clive Everill"]
[Result "0-1"]
[WhiteCountry "USA"]
[BlackCountry "CZE"]
[WhiteElo "1628"]
[WhiteRD "62"]
[BlackElo "1657"]
[BlackRD "51"]
[GameID "245443"]

1. f4 g6 2. Nf3 d5 3. g3 c6 4. e3 Bg7 5. d4 Bg4 6. Bg2 Nf6 7. Nc3 Ne4 8. Bd2 Nxd2 9. Qxd2 O-O 10. O-O-O a5
11. h3 Bd7 12. Na4 b6 13. g4 c5 14. Nc3 c4 15. Nxd5 e6 16. Nc3 Bc6 17. h4 b5 18. g5 b4 19. Ne2 Nd7 20. h5 Nb6
21. h6 Bh8 22. Rhg1 Qe7 23. c3 Ba4 24. Rdf1 bxc3 25. Qe1 cxb2+ 26. Kxb2 Rfb8 27. Ka1 Qa3 28. Qc1 Qb4 29. Nc3 Bc6 30. Rf2 Qd6
31. Rb2 Nd5 32. Nxd5 Bxd5 33. Ne1 Bxg2 34. Rgxg2 Rb4 35. Kb1 Rab8 36. Rxb4 Rxb4+ 37. Rb2 Qb6 38. a3 Rxb2+ 39. Qxb2 Qc7 40. Qb5 Kf8
41. Nc2 f6 42. gxf6 Bxf6 43. Kb2 c3+ 44. Kb3 Kf7 45. Ka4 Bd8 46. Qc5 Qd7+ 47. Qb5 Qd6 48. Qb7+ Bc7 49. Qc8 Qc6+ 50. Kb3 a4+
51. Ka2 Qc4+ 52. Kb1 Qb3+ 53. Kc1 Qb2+ 54. Kd1 Qb1+ 55. Ke2 Qxc2+ 56. Kf3 Qd1+ 57. Ke4 Ba5 58. Ke5 Qh5+ 59. f5 Qxf5+ 60. Kd6 Qd5#
0-1

[Event "Friends of Lumpy Bumpy Big Challenge no2"]
[Site "SchemingMind.com"]
[Date "2010.04.17"]
[Round "-"]
[White "capablanca"]
[Black "Kobiahshi"]
[Result "1/2-1/2"]
[WhiteCountry "GER"]
[BlackCountry "USA"]
[WhiteElo "1694"]
[WhiteRD "56"]
[BlackElo "1604"]
[BlackRD "64"]
[GameID "245444"]

1. d4 d5 2. c4 e6 3. Nc3 c5 4. cxd5 exd5 5. dxc5 d4 6. Qa4+ Bd7 7. Qxd4 Nc6 8. Qe3+ Be6 9. Nf3 Nf6 10. g3 Qa5
11. Bg2 Bxc5 12. Qg5 O-O 13. O-O h6 14. Qd2 Rad8 15. Qc2 a6 16. Bd2 Qc7 17. Ne4 Nxe4 18. Qxe4 Rfe8 19. Qf4 Bd6 20. Qa4 Bd7
21. Be3 Ne5 22. Qd4 b5 23. Rac1 Qb8 24. Nxe5 Bxe5 25. Qb6 Qxb6 26. Bxb6 Rc8 27. Bb7 Rb8 28. Bc7 Rxb7 29. Bxe5 Rxe5 30. e3 Rd5
31. b4 Bh3 32. Rfd1 Rxd1+ 33. Rxd1 Ra7 34. f4 Rd7 35. Rxd7 Bxd7 36. Kf2 Bg4 37. e4 Kf8 38. Ke3 Ke8 39. Kd4 Kd8 40. Kc5 Kc7
41. Kd4 Kc6 42. Ke5 f6+ 43. Kd4 g6 44. e5 fxe5+ 45. fxe5 h5 46. Ke4 Bf5+ 47. Kd4 g5 48. h4 g4 49. a3 Be6 50. Ke4 Kd7
51. Kf4 Kc6 52. Ke4 Kd7=
1/2-1/2

[Event "Friends of Lumpy Bumpy Big Challenge no2"]
[Site "SchemingMind.com"]
[Date "2010.04.16"]
[Round "-"]
[White "XTC"]
[Black "Kobiahshi"]
[Result "1-0"]
[WhiteCountry "COL"]
[BlackCountry "USA"]
[WhiteElo "1863"]
[WhiteRD "62"]
[BlackElo "1604"]
[BlackRD "64"]
[GameID "245445"]

1. e4 d5 2. exd5 Qxd5 3. Nc3 Qa5 4. d4 Nf6 5. Nf3 c6 6. Bc4 Bf5 7. Bd2 e6 8. Qe2 Bb4 9. O-O-O Nbd7 10. a3 Bxc3
11. Bxc3 Qc7 12. Bd3 Bg6 13. Bxg6 hxg6 14. h3 O-O-O 15. Ne5 Nxe5 16. dxe5 Nd5 17. Bd2 Rh5 18. f4 Rhh8 19. g3 Rhe8 20. c4 Ne7
21. g4 Kb8 22. Be3 Qa5 23. Rxd8+ Rxd8 24. Rd1 Rxd1+ 25. Qxd1 Qc7 26. Bc5 Nc8 27. Bf8 f6 28. Bd6 Nxd6 29. exd6 Qd7 30. c5 Kc8
31. Qa4 Kb8 32. Qa5 Qc8 33. Qd2 Qd7 34. b4 Kc8 35. Kb2 Kd8 36. Qd3 Kc8 37. Qxg6 a6 38. Qh5 Qd8 39. Qf7 Qd7 40. Qg8+ Qd8
41. Qxe6+ Qd7 42. Qg8+ Qd8 43. Qxg7
1-0

[Event "Friends of Lumpy Bumpy Big Challenge no2"]
[Site "SchemingMind.com"]
[Date "2010.04.16"]
[Round "-"]
[White "echecs"]
[Black "Kobiahshi"]
[Result "1-0"]
[WhiteCountry "ENG"]
[BlackCountry "USA"]
[WhiteElo "1865"]
[WhiteRD "61"]
[BlackElo "1628"]
[BlackRD "62"]
[GameID "245446"]

1. e4 d5 2. exd5 Qxd5 3. Nc3 Qa5 4. d4 Nf6 5. Nf3 c6 6. Be2 e6 7. O-O Be7 8. Bd2 Qc7 9. Be3 O-O 10. Bd3 a6
11. g3 Nbd7 12. Bf4 Bd6 13. Be3 b5 14. a3 Bb7 15. Ng5 e5 16. Nce4 Nxe4 17. Bxe4 h6 18. Qh5 Nf6 19. Qh4 Be7 20. Nf3 c5
21. Bxb7 Qxb7 22. Nxe5 cxd4 23. Qxd4 Rad8 24. Qa7 Qxa7 25. Bxa7 Ne4 26. Nc6 Rd7 27. Be3 Bf6 28. c3 Rc7 29. Nb4 Ra8 30. Nd5 Rb7
31. f3 Nd6 32. Nxf6+ Kh8 33. Nd5 Nc4 34. Bc1 Re8 35. a4 Re5 36. Nb4 a5 37. Nc6 Re8 38. b3 Nd6 39. Nxa5 Ra7 40. b4 bxa4
41. Rxa4 Rc8 42. Be3 Re7 43. Bc5 Rd7 44. Rd1 Rdd8 45. Rxd6 Re8 46. Ra1 Ra8 47. Rad1 Kg8 48. Nc6 Kh7 49. Rd8 Rexd8 50. Rxd8 Ra1+
51. Kg2 Ra2+ 52. Kh3 Rc2 53. Bd4 Re2 54. Ne5 f6 55. Nf7 Kg6 56. Nh8+ Kh7 57. b5
1-0

[Event "Friends of Lumpy Bumpy Big Challenge no2"]
[Site "SchemingMind.com"]
[Date "2010.04.16"]
[Round "-"]
[White "Clive Everill"]
[Black "Kobiahshi"]
[Result "1-0"]
[WhiteCountry "CZE"]
[BlackCountry "USA"]
[WhiteElo "1700"]
[WhiteRD "53"]
[BlackElo "1604"]
[BlackRD "64"]
[GameID "245447"]

1. Nf3 Nc6 2. g3 e5 3. d3 d5 4. Nbd2 Bb4 5. c3 Bc5 6. Bg2 Nf6 7. b4 Bd6 8. O-O O-O 9. Nb3 b5 10. a4 bxa4
11. Rxa4 a6 12. Ba3 Bd7 13. Bb2 Re8 14. Ra1 e4 15. dxe4 dxe4 16. Nfd4 Ne5 17. Nd2 Nc6 18. N4b3 Bf5 19. e3 Bg4 20. f3 Bh5
21. Nc4 exf3 22. Bxf3 Bxf3 23. Qxf3 Be5 24. Qxc6 Bxg3 25. hxg3 Ne4 26. Rf3 Ng5 27. Rf5 h6 28. Raf1 Re6 29. Qc5 Ne4 30. Qd4 Qxd4
31. Nxd4 Rg6 32. Ne2 f6 33. Kh2 Rc8 34. R5f4 Ng5 35. Na5 c6 36. c4 Kf7 37. Nb7 Kg8 38. Rd4 Ne6 39. Nf4 Nxd4 40. Nxg6 Rb8
41. Nc5 Nc2 42. Ne7+ Kf7 43. Nxc6 Rb6 44. Ne5+ Kg8 45. Ned3 Nxe3 46. Re1 Ng4+ 47. Kh3 f5 48. Re7 g5 49. Rg7+ Kf8 50. Nd7+
1-0

[Event "Friends of Lumpy Bumpy Big Challenge no2"]
[Site "SchemingMind.com"]
[Date "2010.04.16"]
[Round "-"]
[White "loco61"]
[Black "capablanca"]
[Result "1-0"]
[WhiteCountry "ENG"]
[BlackCountry "GER"]
[WhiteElo "1642"]
[WhiteRD "67"]
[BlackElo "1712"]
[BlackRD "54"]
[GameID "245449"]

1. e4 d5 2. exd5 Qxd5 3. Nc3 Qa5 4. Bc4 e5 5. Nf3 Nf6 6. d3 Bg4 7. Bd2 c6 8. Nd5 Qd8 9. Ne3 Bc5 10. h3 Bxf3
11. Qxf3 O-O 12. O-O-O Nbd7 13. Bc3 Bd4 14. Bxd4 exd4 15. Ng4 b5 16. Nxf6+ Qxf6 17. Qxf6 Nxf6 18. Bb3 Rfe8 19. Rde1 Rxe1+ 20. Rxe1 Kf8
21. Re5 Re8 22. Rc5 Rc8 23. c4 Nd7 24. Rh5 h6 25. f4 a6 26. Kd2 Re8 27. cxb5 axb5 28. Rf5 f6 29. Rh5 Re3 30. a4 Rg3
31. axb5 Rxg2+ 32. Kc1 cxb5 33. Rxb5 Rg3 34. Be6 Ke7 35. Bf5 Kd6 36. Rb4 Nc5 37. Rxd4+ Kc6 38. Rc4 Kd5 39. Kc2 g6 40. Be4+ Nxe4
41. Rxe4 Rxh3 42. b4 f5 43. Rc4 Re3 44. Kc3 h5 45. b5 Re6 46. Kb4 h4 47. Ka5 h3 48. b6 Re8 49. b7 Rb8 50. Ka6 h2
51. Rc1 Rh8 52. Rh1 Kc6 53. Ka7 Rh7 54. Rc1+ Kd6 55. Ka8
1-0

[Event "Friends of Lumpy Bumpy Big Challenge no2"]
[Site "SchemingMind.com"]
[Date "2010.04.14"]
[Round "-"]
[White "loco61"]
[Black "XTC"]
[Result "0-1"]
[WhiteCountry "ENG"]
[BlackCountry "COL"]
[WhiteElo "1605"]
[WhiteRD "67"]
[BlackElo "1896"]
[BlackRD "58"]
[GameID "245450"]

1. e4 e5 2. Nf3 Nc6 3. Bc4 Nf6 4. Nc3 Nxe4 5. Bxf7+ Kxf7 6. Nxe4 d5 7. Neg5+ Kg8 8. d3 Bg4 9. h3 Bh5 10. g4 Bg6
11. h4 h6 12. Ne6 Qe7 13. h5 Qxe6 14. hxg6 Qxg4 15. Nh4 Bb4+ 16. c3 Qxd1+ 17. Kxd1 Be7 18. Nf5 Rf8 19. Rh5 Bg5 20. Nh4 Bxh4
21. Rxh4 Rxf2 22. Rg4 h5 23. Rg1 h4 24. Ke1 Rf6 25. Bd2 h3 26. Ke2 h2 27. Rh1 Rxg6 28. Be3 d4 29. cxd4 Nxd4+ 30. Bxd4 exd4
31. Raf1 Rg2+ 32. Rf2 Rxf2+ 33. Kxf2 Rh3 34. Kg2 Rxd3 35. Kxh2 Rd2+ 36. Kg3 Rxb2 37. Ra1 c5
0-1

[Event "Friends of Lumpy Bumpy Big Challenge no2"]
[Site "SchemingMind.com"]
[Date "2010.04.14"]
[Round "-"]
[White "loco61"]
[Black "echecs"]
[Result "0-1"]
[WhiteCountry "ENG"]
[BlackCountry "ENG"]
[WhiteElo "1666"]
[WhiteRD "70"]
[BlackElo "1812"]
[BlackRD "65"]
[GameID "245451"]

1. e4 e5 2. Nf3 Nc6 3. Bc4 Bc5 4. Nc3 Nf6 5. d3 O-O 6. Bg5 Be7 7. Qd2 Re8 8. O-O-O d6 9. h3 a6 10. g4 Rb8
11. Nh4 Nd4 12. Nd5 Nxd5 13. Bxd5 Bxg5
0-1

[Event "Friends of Lumpy Bumpy Big Challenge no2"]
[Site "SchemingMind.com"]
[Date "2010.04.15"]
[Round "-"]
[White "loco61"]
[Black "Clive Everill"]
[Result "1/2-1/2"]
[WhiteCountry "ENG"]
[BlackCountry "CZE"]
[WhiteElo "1642"]
[WhiteRD "67"]
[BlackElo "1694"]
[BlackRD "50"]
[GameID "245452"]

1. e4 Nc6 2. Nf3 f5 3. exf5 d5 4. g4 h5 5. Bh3 Nf6 6. Ng5 Ne5 7. f3 hxg4 8. fxg4 Rxh3 9. Nxh3 Nexg4 10. Qf3 Qd6
11. Nf4 Bxf5 12. d3 O-O-O 13. h3 Ne5 14. Qf2 Kb8 15. Be3 b6 16. Nc3 d4 17. Bxd4 Qxd4 18. Qxd4 Rxd4 19. Nfe2 Rh4 20. O-O-O Rxh3
21. Rxh3 Bxh3 22. Nf4 Bg4 23. Re1 g5 24. Nfd5 Nf3 25. Rh1 Nh4 26. Kd2 Bf3 27. Nxf6 exf6 28. Re1 Bh6 29. Re6 g4+ 30. Ke1 Bg5
31. Kf2 f5 32. a4 Bf4 33. Ne2 g3+ 34. Nxg3 Bg4 35. Re8+ Kb7 36. Rh8 Nf3 37. Nxf5 Be5 38. Rf8 Bxb2 39. Ne3 Ne5 40. Nxg4 Nxg4+
41. Kf3 Ne5+ 42. Ke4 c5 43. Re8 Nc6 44. Rg8 Nb4 45. c4 Na2 46. a5 Nc3+ 47. Ke3 bxa5 48. Rg7+ Kc6 49. Rg6+ Kd7 50. Rg7+ Ke6
51. Rxa7 a4 52. Kd2 Ba1 53. Kc2 Ke5 54. Re7+ Kf4 55. Rc7 Ne2 56. Ra7 Nc3 57. Rc7 Ne2= 58. Rxc5 Nd4+ 59. Kb1 Bc3 60. Rc8 Ke3
61. c5 Kxd3 62. c6 Ba5 63. c7 Ne6 64. Ra8 Bxc7 65. Rxa4=
1/2-1/2

[Event "Friends of Lumpy Bumpy Big Challenge no2"]
[Site "SchemingMind.com"]
[Date "2010.04.17"]
[Round "-"]
[White "loco61"]
[Black "Kobiahshi"]
[Result "1-0"]
[WhiteCountry "ENG"]
[BlackCountry "USA"]
[WhiteElo "1623"]
[WhiteRD "68"]
[BlackElo "1628"]
[BlackRD "62"]
[GameID "245453"]

1. e4 d5 2. exd5 Qxd5 3. c4 Qe4+ 4. Qe2 Qxe2+ 5. Bxe2 Nf6 6. Nc3 c6 7. d4 e6 8. Bd2 b6 9. Nf3 Nbd7 10. O-O Bb7
11. Ne5 Bd6 12. Nxd7 Nxd7 13. Rad1 O-O 14. a3 Nf6 15. b4 c5 16. bxc5 bxc5 17. dxc5 Bxc5 18. a4 a6 19. Bg5 Bc6 20. Be3 Bb4
21. Rc1 Bxc3 22. Rxc3 Bxa4 23. Ra3 Bc6 24. Bb6 Nd7 25. c5 a5 26. Rc1 Rfe8 27. Rxa5 Rxa5 28. Bxa5 Ra8 29. Bb6 h6 30. f3 Kf8
31. Rb1 Ke7 32. Rd1 Ne5 33. Rd6 Bb7 34. f4 Nd7 35. Bb5 Nb8 36. Rd2 Bc6 37. Bxc6 Nxc6 38. Kf2 Rc8 39. Ke3 Ra8 40. Rd6 Rc8
41. Ke4 f6 42. g4 Nb4 43. Kd4 Nc2+ 44. Ke4 Nb4 45. f5 e5 46. h4 Nc2 47. Re6+ Kd7 48. Kd3 Nd4 49. Rd6+ Ke7 50. Kc4 Nc6
51. Kb5 Nd4+= 52. Ka6 Ra8+ 53. Kb7 Nb5 54. Re6+
1-0

[Event "Friends of Lumpy Bumpy Big Challenge no2"]
[Site "SchemingMind.com"]
[Date "2010.04.16"]
[Round "-"]
[White "capablanca"]
[Black "loco61"]
[Result "1-0"]
[WhiteCountry "GER"]
[BlackCountry "ENG"]
[WhiteElo "1662"]
[WhiteRD "56"]
[BlackElo "1605"]
[BlackRD "67"]
[GameID "245454"]

1. d4 d5 2. c4 dxc4 3. e4 b5 4. a4 Ba6 5. axb5 Bxb5 6. Bxc4 Bxc4 7. Qa4+ Qd7 8. Qxc4 Nf6 9. d5 e6 10. dxe6 fxe6
11. Nf3 Be7 12. O-O O-O 13. Nc3 Nc6 14. Rd1 Bd6 15. e5 Nxe5 16. Nxe5 Qe7 17. Nc6 Qe8 18. Rxa7 Rxa7 19. Nxa7 Qf7 20. Be3 h5
21. Nab5 Be5 22. Bf4 Bxc3 23. Nxc3 Ng4 24. Bg3 Nxf2 25. Bxf2 Qxf2+ 26. Kh1 Qb6 27. b4 Qd6 28. Rxd6
1-0